| 000 | 00918nam a22003017a 4500 | ||
|---|---|---|---|
| 001 | 5391 | ||
| 003 | FISKH | ||
| 005 | 20241202084058.0 | ||
| 008 | 241202b cb ||||| |||| 00| 0 eng d | ||
| 020 | _a9780516249698 | ||
| 040 |
_aFISKH _beng _cFISKH _dFISKH |
||
| 050 | _aPZ7.R2594 | ||
| 082 | _a363 | ||
| 100 | _aReggier, DeMar | ||
| 245 |
_aGood food / _cWritten by DeMar Reggier Illustrated by David Austin Clar |
||
| 250 | _a2005 | ||
| 260 |
_aCanada : _bChildren's press, _c2005. |
||
| 300 |
_a31 pages : _bColor illustrations ; _c21 cm |
||
| 505 | _aE | ||
| 520 | _aA boy grocery shops for nutritious food with his father, and together they cook dinner for the family. | ||
| 521 | 8 |
_a220L
_bLexile |
|
| 521 | 8 |
_aE
_bRaz-Plus |
|
| 650 |
_2Grocery shopping _aFood habits |
||
| 650 |
_2Cooking _aBig book |
||
| 700 |
_aClar, Austin David _dIllustrations |
||
| 942 |
_2ddc _cBK _n0 |
||
| 999 |
_c5391 _d5391 |
||